[Event "Werther Schloss op 27th"]
[Site "Werther"]
[Date "2024.03.24"]
[Round "7"]
[White "Hecht, Carsten"]
[Black "Schroeder, Lennart"]
[Result "1-0"]
[WhiteElo "2295"]
[BlackElo "2093"]
[PlyCount "117"]
[EventDate "2024.03.21"]
[EventType "swiss"]
[EventRounds "7"]
[EventCountry "GER"]
[SourceTitle "CB13_2024"]
[SourceDate "2024.03.27"]
[SourceVersion "1"]
[SourceVersionDate "2024.03.27"]
[SourceQuality "1"]

1. d4 Nf6 2. c4 g6 3. Nc3 d5 4. Nf3 Bg7 5. Qb3 dxc4 6. Qxc4 a6 7. e4 b5 8. Qb3 0-0 9. Be2 Bb7 10. e5 Nd5 11. 0-0 Nxc3 12. Qxc3 Bd5 13. a4 c6 14. Be3 Nd7 15. Ne1 Qb8 16. Nd3 Rc8 17. f4 e6 18. a5 Bf8 19. h4 b4 20. Qe1 b3 21. Nc5 Nxc5 22. dxc5 Qa7 23. Qc3 Qe7 24. g3 Rcb8 25. Ra4 Qc7 26. h5 Be7 27. g4 Kh8 28. hxg6 fxg6 29. Rf2 Rf8 30. Bd3 Rf7 31. Rh2 Rg7 32. Kf2 Qa7 33. Ke2 Rd8 34. Bd4 Rf8 35. Be3 Rd8 36. Rf2 Rdg8 37. Bd4 Bf8 38. Rb4 Qe7 39. g5 h6 40. gxh6 Rh7 41. Bxa6 Qh4 42. Kd2 Bxh6 43. Be3 Qh1 44. Rf1 Qg2+ 45. Kc1 Bg7 46. Qd2 Qg3 47. Rg1 Rh1 48. Rxh1+ Bxh1 49. Rxb3 Be4 50. Bd4 Qh4 51. Qf2 Qh1+ 52. Qg1 Qh4 53. Qg3 Qh1+ 54. Bg1 Bh6 55. Qh2 Kg7 56. Qxh1 Bxf4+ 57. Be3 Bxe3+ 58. Rxe3 Bxh1 59. Bb7 1-0

[Event "Werther Schloss op 27th"]
[Site "Werther"]
[Date "2024.03.21"]
[Round "1"]
[White "Phatak, Aanjaneya"]
[Black "Hecht, Carsten"]
[Result "1-0"]
[WhiteElo "2040"]
[BlackElo "2295"]
[PlyCount "79"]
[EventDate "2024.03.21"]
[EventType "swiss"]
[EventRounds "7"]
[EventCountry "GER"]
[SourceTitle "CB13_2024"]
[SourceDate "2024.03.27"]
[SourceVersion "1"]
[SourceVersionDate "2024.03.27"]
[SourceQuality "1"]

1. e4 e5 2. Nf3 Nc6 3. Bb5 a6 4. Ba4 Nf6 5. 0-0 b5 6. Bb3 Bc5 7. c3 d6 8. a4 Rb8 9. d4 Bb6 10. a5 Ba7 11. h3 Bb7 12. Be3 Nxe4 13. d5 Bxe3 14. dxc6 Nxf2 15. Qd5 0-0 16. cxb7 e4 17. Rxf2 Bxf2+ 18. Kxf2 exf3 19. Qxf3 c6 20. Qxc6 Qh4+ 21. g3 Qe7 22. Na3 Rfe8 23. Qf3 Rxb7 24. Nc2 Rc7 25. Re1 Qd8 26. Rxe8+ Qxe8 27. Ne3 Re7 28. Nf5 Rd7 29. Qg4 g6 30. Ne3 Rd8 31. Qf4 Kg7 32. Qd4+ f6 33. Nd5 Qe6 34. Qe3 Qf5+ 35. Kg2 Rd7 36. Qe8 Ra7 37. Ne3 Qd3 38. Qg8+ Kh6 39. Qf8+ Kh5 40. Bd1+ 1-0

[Event "GER-ch rapid 45th"]
[Site "Neumarkt in der Oberpfalz"]
[Date "2019.09.21"]
[Round "3"]
[White "Hecht, Carsten"]
[Black "Donchenko, Alexander"]
[Result "0-1"]
[WhiteElo "2302"]
[BlackElo "2631"]
[PlyCount "92"]
[EventDate "2019.09.21"]
[EventType "swiss"]
[EventRounds "9"]
[EventCountry "GER"]
[SourceTitle "EXT 2020"]
[Source "ChessBase"]
[SourceDate "2019.10.17"]
[SourceVersion "1"]
[SourceVersionDate "2019.10.17"]
[SourceQuality "1"]

1. e4 c6 2. d4 d5 3. Nc3 dxe4 4. Nxe4 Bf5 5. Ng3 Bg6 6. h4 h6 7. Nf3 Nd7 8. h5 Bh7 9. Bd3 Bxd3 10. Qxd3 e6 11. Bd2 Ngf6 12. 0-0-0 Be7 13. Kb1 Qb6 14. Ne4 Rd8 15. Bc1 c5 16. Be3 Nxe4 17. Qxe4 0-0 18. c3 Nf6 19. Qc2 Ng4 20. Ne5 Nxe3 21. fxe3 Bd6 22. Nc4 Qa6 23. Nxd6 Qxd6 24. e4 cxd4 25. cxd4 Qg3 26. Qe2 Rd6 27. Rd3 Qg5 28. Rhd1 Rfd8 29. a3 a5 30. Qf3 a4 31. d5 Rc8 32. Qe2 Qe5 33. Qf3 Rc4 34. dxe6 Rxe6 35. Rd8+ Re8 36. R1d7 Qe6 37. Rxe8+ Qxe8 38. Qd3 Rc8 39. Qd5 b6 40. Ra7 Rd8 41. Qc4 b5 42. Qe2 Rd4 43. Rb7 Rxe4 44. Qxb5 Re1+ 45. Ka2 Qe4 46. Rb8+ Kh7 0-1

[Event "Vienna op"]
[Site "Vienna"]
[Date "2019.08.24"]
[Round "9"]
[White "Hecht, Carsten"]
[Black "Mons, Leon"]
[Result "0-1"]
[WhiteElo "2300"]
[BlackElo "2559"]
[PlyCount "94"]
[EventDate "2019.08.17"]
[EventType "swiss"]
[EventRounds "9"]
[EventCountry "AUT"]
[SourceTitle "EXT 2020"]
[Source "ChessBase"]
[SourceDate "2019.10.17"]
[SourceVersion "1"]
[SourceVersionDate "2019.10.17"]
[SourceQuality "1"]

1. e4 g6 2. d4 Bg7 3. Nc3 a6 4. Be3 d6 5. Qd2 b5 6. h4 h5 7. f3 c6 8. Nh3 Bxh3 9. Rxh3 Nd7 10. 0-0-0 Ngf6 11. Kb1 Qc7 12. Ne2 Nb6 13. Ng3 c5 14. c3 e5 15. Be2 Rc8 16. Rhh1 exd4 17. cxd4 0-0 18. Bh6 Bh8 19. Bxf8 Rxf8 20. dxc5 dxc5 21. Qd6 Qb7 22. Qxc5 Na4 23. Qd4 Nxb2 24. Qxb2 Nxe4 25. Qxh8+ Kxh8 26. Nxe4 Qe7 27. Rd2 Rd8 28. Rxd8+ Qxd8 29. g3 Qe7 30. Bd3 Qb4+ 31. Kc2 Qa3 32. Ra1 b4 33. Rb1 f5 34. Nf2 b3+ 35. Rxb3 Qc5+ 36. Kb1 Qxf2 37. Bxa6 Qxg3 38. a4 Qxh4 39. Bb5 Qe1+ 40. Ka2 h4 41. f4 Kg7 42. Ra3 Qd2+ 43. Kb3 h3 44. a5 h2 45. Bc6 Qd6 46. Bg2 Qd3+ 47. Ka4 Qc4# 0-1

[Event "Vienna op"]
[Site "Vienna"]
[Date "2019.08.22"]
[Round "7"]
[White "Hecht, Carsten"]
[Black "Schreiner, Peter"]
[Result "1/2-1/2"]
[WhiteElo "2300"]
[BlackElo "2481"]
[PlyCount "66"]
[EventDate "2019.08.17"]
[EventType "swiss"]
[EventRounds "9"]
[EventCountry "AUT"]
[SourceTitle "EXT 2020"]
[Source "ChessBase"]
[SourceDate "2019.10.17"]
[SourceVersion "1"]
[SourceVersionDate "2019.10.17"]
[SourceQuality "1"]

1. e4 e5 2. Nf3 Nc6 3. Bb5 a6 4. Ba4 Nf6 5. 0-0 b5 6. Bb3 Bb7 7. d3 Be7 8. Nc3 0-0 9. a3 d6 10. Nd5 Nxd5 11. Bxd5 Qc8 12. Re1 Nd8 13. Bxb7 Qxb7 14. d4 Bf6 15. c3 Ne6 16. dxe5 dxe5 17. Qc2 Rfd8 18. Be3 Rd6 19. Rad1 Rad8 20. Rxd6 Rxd6 21. Re2 h6 22. Rd2 Rxd2 23. Nxd2 Bg5 24. Bxg5 hxg5 25. Qd3 Qc6 26. Nf1 f6 27. Ne3 Kf7 28. g3 Nc5 29. Qd8 Ne6 30. Qd3 Ke8 31. b4 Qd7 32. Qxd7+ Kxd7 33. Kf1 c6 1/2-1/2

[Event "Karlsruhe Grenke op"]
[Site "Karlsruhe"]
[Date "2019.04.22"]
[Round "9"]
[White "Hecht, Carsten"]
[Black "Cukrowski, Filip"]
[Result "1/2-1/2"]
[WhiteElo "2273"]
[BlackElo "2421"]
[PlyCount "68"]
[EventDate "2019.04.18"]
[EventType "swiss"]
[EventRounds "9"]
[EventCountry "GER"]
[SourceTitle "CBM 189 Extra"]
[Source "ChessBase"]
[SourceDate "2019.06.03"]
[SourceVersion "1"]
[SourceVersionDate "2019.06.03"]
[SourceQuality "1"]

1. e4 e5 2. Nf3 Nc6 3. Bb5 a6 4. Ba4 Nf6 5. 0-0 Be7 6. d3 d6 7. c3 0-0 8. Re1 b5 9. Bc2 Bb7 10. Nbd2 Re8 11. Nf1 g6 12. Bg5 Nh5 13. Bxe7 Rxe7 14. Ne3 Nf6 15. a4 d5 16. axb5 axb5 17. Rxa8 Bxa8 18. Nxd5 Nxd5 19. exd5 Qxd5 20. d4 exd4 21. Rxe7 Nxe7 22. Qxd4 c5 23. Qxd5 Bxd5 24. Nd2 f5 25. Nb3 Bxb3 26. Bxb3+ Kg7 27. g3 g5 28. Kg2 Kf6 29. f4 g4 30. Kf2 c4 31. Bd1 Ke6 32. Ke3 Kd5 33. Bc2 h5 34. b4 Kd6 1/2-1/2

[Event "Karlsruhe Grenke op"]
[Site "Karlsruhe"]
[Date "2019.04.19"]
[Round "2"]
[White "Hecht, Carsten"]
[Black "Moussard, Jules"]
[Result "0-1"]
[WhiteElo "2273"]
[BlackElo "2598"]
[PlyCount "65"]
[EventDate "2019.04.18"]
[EventType "swiss"]
[EventRounds "9"]
[EventCountry "GER"]
[SourceTitle "CBM 189 Extra"]
[Source "ChessBase"]
[SourceDate "2019.06.03"]
[SourceVersion "1"]
[SourceVersionDate "2019.06.03"]
[SourceQuality "1"]

1. e4 c5 2. Nf3 d6 3. d4 cxd4 4. Nxd4 Nf6 5. Nc3 a6 6. Bg5 Nbd7 7. Qe2 h6 8. Bh4 g6 9. f4 e5 10. fxe5 dxe5 11. 0-0-0 Qc7 12. Nb3 b5 13. Nd5 Nxd5 14. exd5 Bd6 15. Qd2 Bb7 16. Na5 Rc8 17. Nxb7 Qxb7 18. g4 Kf8 19. Bg2 Kg7 20. Rhf1 Rc4 21. Qe2 Rhc8 22. Be4 Nc5 23. Bg2 f5 24. h3 Qc7 25. Rf2 f4 26. g5 h5 27. Kb1 f3 28. Qxf3 Rxh4 29. Qf6+ Kh7 30. Qf7+ Qxf7 31. Rxf7+ Kg8 32. Rf6 Rd8 33. Rxg6+ 0-1

[Event "Pfalz op 10th"]
[Site "Neustadt an der Weinstrasse"]
[Date "2019.03.04"]
[Round "7"]
[White "Hecht, Carsten"]
[Black "Mu, Ke"]
[Result "1/2-1/2"]
[WhiteElo "2257"]
[BlackElo "2414"]
[PlyCount "60"]
[EventDate "2019.03.01"]
[EventType "swiss"]
[EventRounds "9"]
[EventCountry "GER"]
[SourceTitle "CBM 189 Extra"]
[Source "ChessBase"]
[SourceDate "2019.06.03"]
[SourceVersion "1"]
[SourceVersionDate "2019.06.03"]
[SourceQuality "1"]

1. e4 e6 2. d4 d5 3. Nc3 Bb4 4. e5 c5 5. Qg4 Ne7 6. dxc5 Nbc6 7. Bd2 0-0 8. 0-0-0 Bxc5 9. Nf3 Ng6 10. Qh5 Nd4 11. Bg5 Qb6 12. Na4 Qc6 13. Nxc5 Nxf3 14. Qxf3 Qxc5 15. Qg3 Bd7 16. h4 Rac8 17. Rd2 Nxe5 18. Qxe5 f6 19. Qh2 fxg5 20. hxg5 Rxf2 21. Qxh7+ Kf8 22. Qh8+ Ke7 23. Qxg7+ Kd6 24. Rxf2 Qxf2 25. Bd3 Qxg2 26. Rh7 Qg1+ 27. Kd2 Qf2+ 28. Kd1 Qf1+ 29. Kd2 Qf2+ 30. Kd1 Qf1+ 1/2-1/2

[Event "Pfalz op 10th"]
[Site "Neustadt an der Weinstrasse"]
[Date "2019.03.03"]
[Round "4"]
[White "Zaitsev, Mikhail"]
[Black "Hecht, Carsten"]
[Result "1/2-1/2"]
[WhiteElo "2440"]
[BlackElo "2257"]
[PlyCount "31"]
[EventDate "2019.03.01"]
[EventType "swiss"]
[EventRounds "9"]
[EventCountry "GER"]
[SourceTitle "CBM 189 Extra"]
[Source "ChessBase"]
[SourceDate "2019.06.03"]
[SourceVersion "1"]
[SourceVersionDate "2019.06.03"]
[SourceQuality "1"]

1. e4 c5 2. Nf3 e6 3. d3 Nc6 4. g3 d6 5. Bg2 Nf6 6. 0-0 Be7 7. Re1 0-0 8. c3 Bd7 9. a3 Rc8 10. Nbd2 Ne5 11. Nxe5 dxe5 12. Nc4 Qc7 13. Bf3 Ne8 14. Nxe5 Qxe5 15. Bf4 Qf6 16. e5 1/2-1/2

[Event "Staufer op 31st"]
[Site "Schwaebisch Gmuend"]
[Date "2019.01.02"]
[Round "2"]
[White "Noe, Christopher"]
[Black "Hecht, Carsten"]
[Result "1/2-1/2"]
[WhiteElo "2531"]
[BlackElo "2249"]
[PlyCount "52"]
[EventDate "2019.01.02"]
[EventType "swiss"]
[EventRounds "9"]
[EventCountry "GER"]
[SourceTitle "CBM 188 Extra"]
[Source "ChessBase"]
[SourceDate "2019.02.26"]
[SourceVersion "1"]
[SourceVersionDate "2019.02.26"]
[SourceQuality "1"]

1. d4 Nf6 2. c4 g6 3. f3 d5 4. cxd5 Nxd5 5. e4 Nb6 6. Nc3 Bg7 7. Be3 0-0 8. Qd2 Nc6 9. 0-0-0 Qd6 10. Nb5 Qd7 11. Bh6 Bxh6 12. Qxh6 a6 13. Nc3 Nxd4 14. h4 e5 15. h5 Qe7 16. hxg6 fxg6 17. Nh3 Bxh3 18. Rxh3 Rad8 19. Kb1 Rd7 20. Bd3 c6 21. Rdh1 Qb4 22. Qg5 Nc4 23. Bxc4+ Qxc4 24. a3 Qd3+ 25. Ka2 Qc4+ 26. Kb1 Qd3+ 1/2-1/2

[Event "NRW Class1 1819"]
[Site "Germany"]
[Date "2018.12.09"]
[Round "4.3"]
[White "Kummerow, Heiko"]
[Black "Hecht, Carsten"]
[Result "0-1"]
[WhiteElo "2126"]
[BlackElo "2250"]
[PlyCount "58"]
[EventDate "2018.09.16"]
[EventType "team-tourn"]
[EventRounds "9"]
[EventCountry "GER"]
[SourceTitle "EXT 2022"]
[Source "ChessBase"]
[SourceDate "2021.10.06"]
[SourceVersion "1"]
[SourceVersionDate "2021.10.06"]
[SourceQuality "1"]
[WhiteTeam "Oberhausen SV"]
[BlackTeam "Lippstadt Turm"]
[WhiteTeamCountry "GER"]
[BlackTeamCountry "GER"]

1. e4 c5 2. Nf3 e6 3. d4 cxd4 4. Nxd4 Nc6 5. Nc3 Qc7 6. Be3 a6 7. a3 Nf6 8. f4 d6 9. Qf3 Be7 10. 0-0-0 Bd7 11. Be2 Rc8 12. Qg3 Nxe4 13. Qe1 d5 14. Kb1 Nxd4 15. Bxd4 Bf6 16. Bxf6 gxf6 17. Rd3 Qxf4 18. Rf1 Qe5 19. Nxe4 dxe4 20. Rh3 f5 21. Bh5 Rc7 22. Qh4 Bc6 23. Rd1 Bd5 24. Rg3 Kd7 25. Bxf7 Kc8 26. Rg8+ Rxg8 27. Bxg8 e3 28. Qh5 Kb8 29. Re1 Qg7 0-1

[Event "NRW Class2 1718"]
[Site "Germany"]
[Date "2018.04.29"]
[Round "9.3"]
[White "Hecht, Carsten"]
[Black "Schulze, Marc Andre"]
[Result "1-0"]
[WhiteElo "2228"]
[BlackElo "2153"]
[PlyCount "89"]
[EventDate "2017.09.17"]
[EventType "team-tourn"]
[EventRounds "9"]
[EventCountry "GER"]
[SourceTitle "EXT 2019"]
[Source "ChessBase"]
[SourceDate "2018.10.10"]
[SourceVersion "1"]
[SourceVersionDate "2018.10.10"]
[SourceQuality "1"]
[WhiteTeam "Lippstadt Turm"]
[BlackTeam "Plettenberg"]
[WhiteTeamCountry "GER"]
[BlackTeamCountry "GER"]

1. e4 c5 2. Nf3 g6 3. d4 cxd4 4. Nxd4 Bg7 5. c4 Nc6 6. Be3 Nf6 7. Nc3 0-0 8. Be2 d6 9. 0-0 Bd7 10. f3 Nxd4 11. Bxd4 a5 12. Qd2 Bc6 13. b3 Nd7 14. Bf2 Nc5 15. Rab1 e6 16. Rfd1 Be5 17. Bf1 Qe7 18. a3 Rfc8 19. Ne2 a4 20. b4 Nb3 21. Qe3 b5 22. f4 Bg7 23. Nc1 bxc4 24. Bxc4 Qb7 25. Bd3 Bd4 26. Qe1 Bxf2+ 27. Kxf2 Bb5 28. Nxb3 Bxd3 29. Rxd3 axb3 30. Rbxb3 Rc2+ 31. Kg3 e5 32. Qe3 exf4+ 33. Qxf4 Re8 34. Rbc3 Re2 35. Re3 Rd2 36. h3 Rd4 37. Kh2 Rdxe4 38. Rxe4 Rxe4 39. Qxd6 h5 40. Rc7 Qb5 41. Rc8+ Re8 42. Qc5 Qd7 43. Rxe8+ Qxe8 44. b5 Qb8+ 45. Kg1 1-0

[Event "NRW Class2 1718"]
[Site "Germany"]
[Date "2018.01.28"]
[Round "5.2"]
[White "Koellner, Ruben Gideon"]
[Black "Hecht, Carsten"]
[Result "0-1"]
[WhiteElo "2153"]
[BlackElo "2228"]
[PlyCount "72"]
[EventDate "2017.09.17"]
[EventType "team-tourn"]
[EventRounds "9"]
[EventCountry "GER"]
[SourceTitle "EXT 2019"]
[Source "ChessBase"]
[SourceDate "2018.10.10"]
[SourceVersion "1"]
[SourceVersionDate "2018.10.10"]
[SourceQuality "1"]
[WhiteTeam "Bochum SG II"]
[BlackTeam "Lippstadt Turm"]
[WhiteTeamCountry "GER"]
[BlackTeamCountry "GER"]

1. d4 Nf6 2. Bg5 d5 3. e3 c5 4. c3 Nc6 5. Nf3 Qb6 6. Qb3 c4 7. Qc2 Bg4 8. Nbd2 e6 9. Bxf6 gxf6 10. e4 0-0-0 11. Be2 Bh6 12. h3 Bxf3 13. gxf3 Kb8 14. 0-0-0 e5 15. exd5 exd4 16. dxc6 d3 17. Bxd3 Rxd3 18. Kb1 Qxc6 19. a3 Rhd8 20. Ne4 f5 21. Ng3 Qxf3 22. Rde1 Bd2 23. Ref1 f4 24. Nf5 Bxc3 25. Rc1 Bxb2 26. Qxc4 Bxc1 27. Rxc1 Rd1 28. Qc7+ Ka8 29. Kb2 R1d2+ 30. Rc2 Rxc2+ 31. Qxc2 Qd3 32. Qc5 Qd2+ 33. Kb3 Rd3+ 34. Ka4 Qd1+ 35. Kb5 Qb3+ 36. Qb4 Rd5# 0-1

[Event "Staufer op-A 30th"]
[Site "Schwaebisch Gmuend"]
[Date "2018.01.04"]
[Round "6"]
[White "Hund, Sarah"]
[Black "Hecht, Carsten"]
[Result "0-1"]
[WhiteElo "1964"]
[BlackElo "2232"]
[PlyCount "50"]
[EventDate "2018.01.02"]
[EventType "swiss"]
[EventRounds "9"]
[EventCountry "GER"]
[SourceTitle "CBM 182 Extra"]
[Source "ChessBase"]
[SourceDate "2018.02.23"]
[SourceVersion "1"]
[SourceVersionDate "2018.02.23"]
[SourceQuality "1"]

1. e4 c5 2. Nc3 Nc6 3. f4 g6 4. Nf3 Bg7 5. Bb5 Nd4 6. 0-0 e6 7. e5 a6 8. Bd3 f5 9. b3 d6 10. Ba3 Nh6 11. Kh1 0-0 12. Nxd4 cxd4 13. Ne2 Nf7 14. Nxd4 Re8 15. Nf3 dxe5 16. fxe5 Nxe5 17. Nxe5 Bxe5 18. Rb1 Qh4 19. g3 Bxg3 20. Qe2 Bd7 21. Kg1 Bc6 22. Bb2 Qg5 23. Rf3 Be5+ 24. Kf1 Bxb2 25. Rxb2 Bxf3 0-1

[Event "Staufer op-A 30th"]
[Site "Schwaebisch Gmuend"]
[Date "2018.01.03"]
[Round "4"]
[White "Hecht, Carsten"]
[Black "Lesny, Florian"]
[Result "1-0"]
[WhiteElo "2232"]
[BlackElo "2033"]
[PlyCount "39"]
[EventDate "2018.01.02"]
[EventType "swiss"]
[EventRounds "9"]
[EventCountry "GER"]
[SourceTitle "CBM 182 Extra"]
[Source "ChessBase"]
[SourceDate "2018.02.23"]
[SourceVersion "1"]
[SourceVersionDate "2018.02.23"]
[SourceQuality "1"]

1. e4 c5 2. Nf3 d6 3. d4 cxd4 4. Nxd4 Nf6 5. Nc3 a6 6. Bg5 e6 7. f4 Be7 8. Qf3 Qc7 9. 0-0-0 0-0 10. g4 b5 11. Bd3 Bb7 12. Qh3 h6 13. Bxh6 gxh6 14. g5 Nxe4 15. Nxe4 d5 16. Nf6+ Bxf6 17. Qxh6 Qxf4+ 18. Kb1 Rc8 19. Bh7+ Kh8 20. Bg6+ 1-0

[Event "GER-chT U20"]
[Site "Duesseldorf"]
[Date "2017.12.28"]
[Round "3.1"]
[White "Hecht, Carsten"]
[Black "Zaehringer, Daniel"]
[Result "1/2-1/2"]
[WhiteElo "2232"]
[BlackElo "2042"]
[PlyCount "40"]
[EventDate "2017.12.27"]
[EventType "team-swiss"]
[EventRounds "7"]
[EventCountry "GER"]
[SourceTitle "CBM 182 Extra"]
[Source "ChessBase"]
[SourceDate "2018.02.23"]
[SourceVersion "1"]
[SourceVersionDate "2018.02.23"]
[SourceQuality "1"]
[WhiteTeam "Lippstadt Turm U20"]
[BlackTeam "Plauen Koenig U20"]
[WhiteTeamCountry "GER"]
[BlackTeamCountry "GER"]

1. e4 e5 2. Nf3 Nf6 3. Nxe5 d6 4. Nf3 Nxe4 5. Nc3 Nxc3 6. dxc3 Be7 7. Be3 c5 8. Qd2 0-0 9. 0-0-0 Be6 10. Kb1 d5 11. Ng5 Bxg5 12. Bxg5 Qb6 13. h4 f6 14. Bf4 Nc6 15. a3 Rad8 16. Bd3 Rfe8 17. Rhe1 Bf7 18. Rxe8+ Rxe8 19. Re1 Ne5 20. f3 Nxd3 1/2-1/2

[Event "GER-chT U20"]
[Site "Duesseldorf"]
[Date "2017.12.27"]
[Round "2.1"]
[White "Ruff, Maximilian"]
[Black "Hecht, Carsten"]
[Result "0-1"]
[WhiteElo "2280"]
[BlackElo "2232"]
[PlyCount "88"]
[EventDate "2017.12.27"]
[EventType "team-swiss"]
[EventRounds "7"]
[EventCountry "GER"]
[SourceTitle "CBM 182 Extra"]
[Source "ChessBase"]
[SourceDate "2018.02.23"]
[SourceVersion "1"]
[SourceVersionDate "2018.02.23"]
[SourceQuality "1"]
[WhiteTeam "Sasbach U20"]
[BlackTeam "Lippstadt Turm U20"]
[WhiteTeamCountry "GER"]
[BlackTeamCountry "GER"]

1. Nf3 Nf6 2. c4 g6 3. Nc3 d5 4. cxd5 Nxd5 5. e4 Nxc3 6. dxc3 Qxd1+ 7. Kxd1 f6 8. Be3 e5 9. Nd2 Be6 10. Bc4 Bxc4 11. Nxc4 Nd7 12. b4 h5 13. Ke2 Bh6 14. a4 Bxe3 15. Nxe3 0-0-0 16. Rhd1 Rhe8 17. a5 Nf8 18. Nd5 Re6 19. a6 bxa6 20. b5 Rdd6 21. b6 cxb6 22. Rxa6 Kb8 23. c4 Rd7 24. Rda1 Rb7 25. c5 bxc5 26. Nxf6 Rxa6 27. Rxa6 Rb6 28. Rxb6+ axb6 29. g3 Kc7 30. f4 Nd7 31. Ne8+ Kd8 32. Nd6 Ke7 33. fxe5 Ke6 34. Nc4 b5 35. Nd6 b4 36. Ke3 Nxe5 37. Nb7 c4 38. Kd4 c3 39. Nc5+ Kd6 40. Nb3 Nf3+ 41. Kc4 Nd2+ 42. Kxb4 Nxb3 43. Kxb3 Ke5 44. Kxc3 Kxe4 0-1

[Event "NRW Class2 1718"]
[Site "Germany"]
[Date "2017.11.19"]
[Round "3.3"]
[White "Hecht, Carsten"]
[Black "Koehler, Christian Friedrich"]
[Result "1/2-1/2"]
[WhiteElo "2228"]
[BlackElo "2182"]
[PlyCount "178"]
[EventDate "2017.09.17"]
[EventType "team-tourn"]
[EventRounds "9"]
[EventCountry "GER"]
[SourceTitle "EXT 2019"]
[Source "ChessBase"]
[SourceDate "2018.10.10"]
[SourceVersion "1"]
[SourceVersionDate "2018.10.10"]
[SourceQuality "1"]
[WhiteTeam "Lippstadt Turm"]
[BlackTeam "Godesberg"]
[WhiteTeamCountry "GER"]
[BlackTeamCountry "GER"]

1. e4 d5 2. exd5 Qxd5 3. Nc3 Qd6 4. d4 Nf6 5. Nf3 a6 6. g3 b5 7. Bg2 Bb7 8. 0-0 e6 9. Qe2 Nbd7 10. a4 b4 11. Bf4 Qb6 12. a5 Qa7 13. Na4 Nd5 14. Bd2 c5 15. c4 bxc3 16. bxc3 N5f6 17. Rab1 Rc8 18. Rfe1 Bd6 19. Ng5 Bxg2 20. Nxe6 fxe6 21. Qxe6+ Kd8 22. Kxg2 Qa8+ 23. Kg1 Qd5 24. Qe2 cxd4 25. Qxa6 Ra8 26. Qd3 Qxa5 27. Nb2 Re8 28. Nc4 Qd5 29. cxd4 Rxe1+ 30. Bxe1 Ke8 31. Bc3 Rc8 32. Nxd6+ Qxd6 33. Bb4 Qd5 34. Ba3 Kf7 35. Re1 Re8 36. Rxe8 Kxe8 37. Qe2+ Kf7 38. Bb2 Qe6 39. Qd2 Qd5 40. Qe2 Qe6 41. Qd1 Nb6 42. Bc1 Nbd5 43. Bd2 Qe4 44. Be1 h6 45. f3 Qe6 46. Bf2 Qc6 47. Qb3 Kg8 48. Qb8+ Qe8 49. Qb2 Kh7 50. Qd2 Qg6 51. Kf1 Qf5 52. Kg2 Kh8 53. Qe2 Qb1 54. Qc4 Qf5 55. Qe2 Kh7 56. Qd2 Ne7 57. Qe2 Ng6 58. Qd1 Nd5 59. Qd2 Qb1 60. Be1 Qa1 61. Bf2 Qc3 62. Qd1 Qc6 63. Qb1 Nf6 64. Qd3 Qd5 65. Kg1 Nd7 66. Qe2 Nb8 67. Qe4 Qxe4 68. fxe4 Nf8 69. Kf1 Kg6 70. Ke2 Nbd7 71. Be3 Kf6 72. Kf3 Ke6 73. g4 Ng6 74. Bf2 Nh8 75. h4 Nf7 76. Be3 g6 77. Bf4 h5 78. gxh5 gxh5 79. Bc1 Nf8 80. Bf4 Ng6 81. Bg3 Nh6 82. Ke2 Ng4 83. Kf3 Kf6 84. Ke2 Nf8 85. Kd3 Ne6 86. Bd6 Nd8 87. Bg3 Ne6 88. Bd6 Nf2+ 89. Ke3 Ng4+ 1/2-1/2

[Event "NRW Class2 1718"]
[Site "Germany"]
[Date "2017.10.15"]
[Round "2.3"]
[White "Arndt, Stefan"]
[Black "Hecht, Carsten"]
[Result "1/2-1/2"]
[WhiteElo "2166"]
[BlackElo "2228"]
[PlyCount "66"]
[EventDate "2017.09.17"]
[EventType "team-tourn"]
[EventRounds "9"]
[EventCountry "GER"]
[SourceTitle "EXT 2019"]
[Source "ChessBase"]
[SourceDate "2018.10.10"]
[SourceVersion "1"]
[SourceVersionDate "2018.10.10"]
[SourceQuality "1"]
[WhiteTeam "Ennepe Ruhr Sued"]
[BlackTeam "Lippstadt Turm"]
[WhiteTeamCountry "GER"]
[BlackTeamCountry "GER"]

1. e4 c5 2. Nc3 Nc6 3. f4 e6 4. Nf3 g6 5. d4 cxd4 6. Nxd4 a6 7. Nxc6 bxc6 8. Qd4 Nf6 9. e5 Nd5 10. Ne4 c5 11. Qf2 f5 12. exf6 Nxf6 13. Nxf6+ Qxf6 14. Qf3 Rb8 15. Bd2 Bg7 16. Bc3 Qe7 17. Be2 Bb7 18. Qg3 0-0 19. 0-0 Be4 20. Bxa6 Bxc2 21. Rac1 Be4 22. Be2 d5 23. Bxg7 Qxg7 24. b3 Qb2 25. Bg4 Rfe8 26. Qf2 Qxf2+ 27. Rxf2 Rb5 28. Rd2 Ra5 29. Kf2 Kf7 30. Bf3 Bxf3 31. Kxf3 Rea8 32. Rdc2 Rxa2 33. Rxa2 Rxa2 1/2-1/2

[Event "GER-ch U25-A"]
[Site "Willingen"]
[Date "2017.06.10"]
[Round "9"]
[White "Englert, Jon"]
[Black "Hecht, Carsten"]
[Result "0-1"]
[WhiteElo "1988"]
[BlackElo "2207"]
[PlyCount "86"]
[EventDate "2017.06.04"]
[EventType "swiss"]
[EventRounds "9"]
[EventCountry "GER"]
[SourceTitle "CBM 178 Extra"]
[Source "ChessBase"]
[SourceDate "2017.06.22"]
[SourceVersion "1"]
[SourceVersionDate "2017.06.22"]
[SourceQuality "1"]

1. d4 Nf6 2. c4 g6 3. f3 d5 4. cxd5 Nxd5 5. e4 Nb6 6. Nc3 Bg7 7. Be3 0-0 8. Qd2 Nc6 9. 0-0-0 Qd6 10. Nb5 Qd7 11. Kb1 Rd8 12. d5 a6 13. dxc6 Qxd2 14. Rxd2 Rxd2 15. Bxd2 axb5 16. Bxb5 bxc6 17. Bxc6 Rb8 18. b3 Nc4 19. Kc2 Rb6 20. Ba4 Nxd2 21. Kxd2 Rd6+ 22. Kc2 Ba6 23. Nh3 Bd3+ 24. Kc1 Bh6+ 25. Kb2 Ba6 26. Ka3 Rd2 27. g3 e5 28. f4 Bc8 29. Ng5 Bf8+ 30. b4 h6 31. Nxf7 Kxf7 32. Rc1 Bd6 33. Rf1 Ke7 34. Bb3 Be6 35. Bxe6 Kxe6 36. fxe5 Bxe5 37. Rf3 Rxh2 38. Rb3 h5 39. Rd3 g5 40. Kb3 Rb2+ 41. Ka3 Rg2 42. Rd8 Rxg3+ 43. Ka4 h4 0-1

[Event "Dortmund Sparkassen op-A 44th"]
[Site "Dortmund"]
[Date "2016.07.14"]
[Round "6"]
[White "Hecht, Carsten"]
[Black "Korten, Lando"]
[Result "0-1"]
[WhiteElo "2242"]
[BlackElo "2000"]
[PlyCount "60"]
[EventDate "2016.07.09"]
[EventType "swiss"]
[EventRounds "9"]
[EventCountry "GER"]
[SourceTitle "CBM 173 Extra"]
[Source "ChessBase"]
[SourceDate "2016.08.29"]
[SourceVersion "1"]
[SourceVersionDate "2016.08.29"]
[SourceQuality "1"]

1. e4 c5 2. Nf3 d6 3. d4 cxd4 4. Nxd4 Nf6 5. Nc3 a6 6. Bg5 e6 7. f4 Be7 8. Qf3 h6 9. Bh4 g5 10. fxg5 Nfd7 11. Nxe6 fxe6 12. Qh5+ Kf8 13. Bb5 Rh7 14. e5 Nxe5 15. Bg3 Bxg5 16. Bxe5 dxe5 17. Rd1 Qe7 18. 0-0+ Kg8 19. Be8 Rg7 20. Ne4 Bd7 21. Bg6 Nc6 22. h4 Be3+ 23. Kh1 Rf8 24. Rxf8+ Qxf8 25. Nd6 Nd4 26. Bf7+ Rxf7 27. Nxf7 Qxf7 28. Qxe5 Qf2 29. Qh5 Kf8 30. c3 Nf5 0-1